ბათუმის შოთა რუსთაველის სახელმწიფო უნივერსიტეტის ბიბლიოთეკა

მხარეთმცოდნეობითი მუშაობის ორგანიზაცია საჯარო ბიბლიოთეკებში (ბიბ.ჩანაწერი № 52820)

000 -LEADER
fixed length control field 01043nam a2200241Ia 4500
001 - CONTROL NUMBER
control field 19850
003 - CONTROL NUMBER IDENTIFIER
control field GE_BSU
008 - FIXED-LENGTH DATA ELEMENTS--GENERAL INFORMATION
fixed length control field 181216s||||||||xx |||||||||||||| ||und||
040 ## - CATALOGING SOURCE
Transcribing agency GE_BSU
080 ## - UNIVERSAL DECIMAL CLASSIFICATION NUMBER
Universal Decimal Classification number 02
245 ## - TITLE STATEMENT
Title მხარეთმცოდნეობითი მუშაობის ორგანიზაცია საჯარო ბიბლიოთეკებში
245 ## - TITLE STATEMENT
Remainder of title მეთოდური რეკომენდაციები
245 ## - TITLE STATEMENT
Statement of responsibility, etc. რედ. გ. თაყნიაშვილი
250 ## - EDITION STATEMENT
Edition statement საქ. პარლამენტის ეროვნული ბიბლ-კა
260 ## - PUBLICATION, DISTRIBUTION, ETC.
Place of publication, distribution, etc. თბილისი
260 ## - PUBLICATION, DISTRIBUTION, ETC.
Date of publication, distribution, etc. 2012
300 ## - PHYSICAL DESCRIPTION
Extent 23 გვ.
653 ## - INDEX TERM--UNCONTROLLED
Uncontrolled term ბიბლიოთეკარი
653 ## - INDEX TERM--UNCONTROLLED
Uncontrolled term მხარეთმცოდნეობითი მუშაობის ორგანიზაცია საჯარო ბიბლიოთეკებში
653 ## - INDEX TERM--UNCONTROLLED
Uncontrolled term ქსეროქსი
942 ## - ADDED ENTRY ELEMENTS (KOHA)
Koha item type წიგნი
ეგზემპლარები
Withdrawn status Lost status Damaged status Not for loan Date acquired Barcode Date last seen Price effective from Koha item type Public note
        2018-12-17 00441 2018-12-17 2018-12-17 წიგნი ქსეროქსი